| 000 | 00511nam a2200193 a 4500 | ||
|---|---|---|---|
| 001 | 1767587676718 | ||
| 003 | YourLibrary | ||
| 005 | 20260105104546.0 | ||
| 008 | 260105s2001##################000#0#eng## | ||
| 020 | _a9780521801133 | ||
| 082 | 0 | 4 |
_a300 _bGER |
| 100 | 1 |
_aGerring, John, _eauthor. |
|
| 245 | 1 | 0 | _aSocial Science Methodology : |
| 260 |
_bCambridge University Press, _c2001. |
||
| 300 | _a322 pages | ||
| 650 | 0 | _aPolitical Science. | |
| 942 | _cENGLISH | ||
| 040 |
_aYourLibrary _beng _cYourLibrary |
||
| 999 |
_c607271 _d607271 |
||